|
|
|
|
| LEADER |
00000nab a2200000 a 4500 |
| 001 |
vtls009954573 |
| 003 |
SK-MaSNL |
| 005 |
20260304164002.0 |
| 008 |
250507c20082009xo mr|p|||a |000 b|slo |
| 015 |
|
|
|a SNBRB2009/09
|
| 035 |
|
|
|a (uuid)4210ff8e-d2e5-44da-a88e-36059d49b746
|
| 035 |
|
|
|a urn:nbn:sk:snk-ab2hbh
|
| 035 |
|
|
|a (urnnbn)urn:nbn:sk:snk:ar-a02f89
|
| 038 |
|
|
|a SPK
|
| 040 |
|
|
|a SNKBUCL
|b slo
|c SNKBUCL
|e AACR2
|
| 041 |
0 |
|
|a slo
|b slo
|
| 044 |
|
|
|a xo
|c SK
|
| 072 |
|
7 |
|a 371
|x Školstvo (organizácia)
|2 konspekt
|
| 072 |
|
7 |
|a 37
|x Výchova a vzdelávanie
|2 konspekt
|
| 072 |
|
7 |
|a 373.2/.3
|x Predškolská a primárna výchova a vzdelávanie
|2 konspekt
|
| 080 |
|
|
|a 371.314.6
|2 1997
|
| 080 |
|
|
|a 372.874
|2 1997
|
| 080 |
|
|
|a 373.32
|2 1997
|
| 100 |
1 |
|
|a Balajová, Ľuba
|4 aut
|9 1484240
|
| 245 |
1 |
0 |
|a Projektové vyučovanie ako motivačný činiteľ na hodinách výtvarnej výchovy v 2. a 3. ročníku ZŠ
|n (2.)
|c Ľuba Balajová
|
| 546 |
|
|
|a Res. slov.
|
| 650 |
0 |
7 |
|a projektové vyučovanie
|2 snkbucl
|9 4053
|
| 650 |
0 |
7 |
|a výtvarná výchova
|2 spk
|9 2777
|
| 650 |
0 |
7 |
|a základné školy
|2 snkbucl
|9 1280
|
| 650 |
0 |
7 |
|a ročník 2.
|2 snkbucl
|9 873793
|
| 650 |
0 |
7 |
|a ročník 3.
|2 snkbucl
|9 878596
|
| 773 |
0 |
|
|t Naša škola
|g Roč. 12., č. 1(2008/2009), s. 28-31
|
| 850 |
|
|
|a Slovenská národná knižnica
|
| 852 |
|
|
|a Slovenská národná knižnica
|
| 954 |
|
|
|a odborná, vedecká literatúra pôvodná (slovenská)
|2 lita
|
| 958 |
|
|
|a article27
|
| 958 |
|
|
|a OND
|
| 958 |
|
|
|a EUIPO
|
| 999 |
|
|
|c 2979321
|d 2981251
|